| 000 | 00602cam a22002411 4500 | ||
|---|---|---|---|
| 001 | sa 64007182 | ||
| 003 | DLC | ||
| 005 | 20260227112044.0 | ||
| 008 | 940602s1962 ii a 000 0 kano | ||
| 010 | _asa 64007182 | ||
| 025 | _aPL480:I-Kan-330 | ||
| 035 | _a(OCoLC)30538361 | ||
| 040 |
_aDLC _cCU _dCU _dDLC |
||
| 042 | _apremarc | ||
| 050 | 0 | 0 |
_aQK490.I4 _bN3 |
| 100 | 2 | _aNarasiṃha Ayyaṅgār, M. L. | |
| 245 | 1 | 0 | _aIdu yāva mara? |
| 260 | _c1962. | ||
| 300 |
_axii, 132 p. _bill. _c18 cm. |
||
| 500 | _aIn Kannada. | ||
| 650 | 0 |
_aTrees _zIndia. |
|
| 650 | 0 |
_aTrees _vJuvenile literature. |
|
| 999 |
_c60087 _d60087 |
||